Uplatnenie absolventov vysokých škôl na slovenskom trhu práce

Uložené v:
Podrobná bibliografia
Hlavný autor: Stričík, Michal, 1969-
Ďalší autori: Bačová, Monika
Médium: Kapitola
Jazyk:Slovak
Predmet:
Tagy: Pridať tag
Žiadne tagy, Buďte prvý, kto otaguje tento záznam!

MARC

LEADER 00000naa$a2200000$$$4500
001 0233313
005 20240502073805.2
041 0 |a slo 
044 |a SK 
245 1 0 |a Uplatnenie absolventov vysokých škôl na slovenskom trhu práce  |c Michal Stričík, Monika Bačová 
500 |a Abstrakt 
610 2 0 |a práca 
610 2 0 |a nezamestnanosť 
610 2 0 |a absolventi 
610 2 0 |a Slovensko 
610 2 0 |a zdroje ľudské 
100 1 |a Stričík, Michal, 1969- 
700 1 |a Bačová, Monika